00643nam a2200205Ia 4500008004100000020001500041040001800056041000800074100002400082245008200106260006400188300001800252504003700270650002300307650001300330651001100343651002100354700003100375765003100406130821s1996 xxu gr spa  a052155568X aCo-BoUCMbspa00aspa aDuggan, Christopher00aHistoria de ItaliacChristopher Duggan ; traducción de Adrian Fuentes Luque aNueva York (Estados Unidos)bUniversidad de Cambridgec1996 a447 páginas aIncluye bibliografía e Indices04aHistoria de Europa04aHistoria aItalia aItaliaxHistoria aFuentes Luque, Adrian.eTr tA concise history of Italy